Kinh tế học vĩ mô : Học phần kinh tế học vĩmô cơ sở /

Αποθηκεύτηκε σε:
Λεπτομέρειες βιβλιογραφικής εγγραφής
Κύριος συγγραφέας: Nguyễn, Văn Dần
Μορφή: Βιβλίο
Γλώσσα:Vietnamese
Έκδοση: Lao động xã hội 2007
Ετικέτες: Προσθήκη ετικέτας
Δεν υπάρχουν, Καταχωρήστε ετικέτα πρώτοι!
Thư viện lưu trữ: Mạng thư viện Đại học Đà Nẵng
LEADER 00684nam a2200265 4500
001 000027868
003 NG-D07
005 20150403120000.0
008 150403s vm 000 vie
020 |c 0,0000 
040 |a notts 
100 |a Nguyễn, Văn Dần 
245 |a Kinh tế học vĩ mô : Học phần kinh tế học vĩmô cơ sở /  |c Nguyễn Văn Dần chủ biên. 
260 |b Lao động xã hội  |c 2007 
OWN |a LTT 
999 |a From the UDN01 
TYP |a Monograph 
TYP |a Printed language 
980 |a Mạng thư viện Đại học Đà Nẵng